[Event "NRW-ch U12"]
[Site "Kranenburg"]
[Date "2005.03.30"]
[Round "4"]
[White "Schauerte, Benedikt"]
[Black "Radler, Alexander"]
[Result "0-1"]
[WhiteElo "1382"]
[BlackElo "1239"]
[PlyCount "150"]
[EventDate "2005.03.28"]
[EventType "swiss"]
[EventRounds "7"]
[EventCountry "GER"]
[SourceTitle "CBM 105 Extra"]
[Source "ChessBase"]
[SourceDate "2005.05.01"]
[SourceVersion "1"]
[SourceVersionDate "2005.05.01"]
[SourceQuality "1"]

1. e4 Nf6 2. e5 Nd5 3. Bc4 Nb6 4. Bb3 d6 5. exd6 cxd6 6. Nc3 g6 7. d3 Bg7 8. Nf3 Nc6 9. h3 0-0 10. Ng5 e6 11. a3 Bd7 12. h4 Bf6 13. Nce4 d5 14. Nxf6+ Qxf6 15. h5 h6 16. hxg6 fxg6 17. Nf3 h5 18. c3 Ne5 19. d4 Nxf3+ 20. Qxf3 Qxf3 21. gxf3 Rxf3 22. Bc2 Kf7 23. Ke2 Rf6 24. Bg5 Rf5 25. Bxf5 exf5 26. Rae1 Re8+ 27. Be3 f4 28. Kd2 fxe3+ 29. fxe3 Nc4+ 30. Kc2 Nxe3+ 31. Kd3 Nc4 32. Rxe8 Bxe8 33. Rf1+ Kg7 34. Re1 Kf8 35. Rf1+ Bf7 36. Rf2 h4 37. Rh2 g5 38. a4 Bg6+ 39. Ke2 Nxb2 40. Kf3 Bh5+ 41. Ke3 Nxa4 42. Rg2 g4 43. Kf4 h3 44. Rh2 Nxc3 45. Kg5 a5 46. Kxh5 a4 47. Kxg4 a3 48. Kxh3 a2 49. Rh1 Nb1 50. Rf1+ Ke7 51. Re1+ Kf6 52. Rf1+ Kg5 53. Rg1+ Kf4 54. Rg4+ Ke3 55. Rg3+ Kxd4 56. Rg4+ Kc5 57. Ra4 Nc3 58. Ra7 d4 59. Kg3 d3 60. Rxa2 Nxa2 61. Kf2 Kc4 62. Ke1 Kc3 63. Kf2 d2 64. Ke2 Kc2 65. Kf3 d1Q+ 66. Ke4 Qd3+ 67. Ke5 Qc4 68. Kd6 Qb5 69. Kc7 Qd5 70. Kb8 Qc6 71. Ka7 b5 72. Kb8 Qd7 73. Ka8 Kc3 74. Kb8 Kc4 75. Ka8 Kc5 0-1

[Event "NRW-ch U12"]
[Site "Kranenburg"]
[Date "2005.03.29"]
[Round "2"]
[White "Schauerte, Benedikt"]
[Black "Koke, Christoph"]
[Result "1/2-1/2"]
[WhiteElo "1382"]
[BlackElo "1135"]
[PlyCount "36"]
[EventDate "2005.03.28"]
[EventType "swiss"]
[EventRounds "7"]
[EventCountry "GER"]
[SourceTitle "CBM 105 Extra"]
[Source "ChessBase"]
[SourceDate "2005.05.01"]
[SourceVersion "1"]
[SourceVersionDate "2005.05.01"]
[SourceQuality "1"]

1. e4 e5 2. Nf3 Nc6 3. Bc4 Be7 4. d4 exd4 5. Nxd4 d6 6. Be3 Nf6 7. Nc3 0-0 8. Nxc6 bxc6 9. Qf3 Nd7 10. 0-0 Ne5 11. Qe2 Nxc4 12. Qxc4 Bd7 13. Rfd1 Bf6 14. Rd2 Qe7 15. f3 Rfb8 16. Rb1 Qe8 17. Bd4 Be6 18. Qe2 Bg5 1/2-1/2

[Event "NRW-ch U12"]
[Site "Wolfsburg"]
[Date "2004.04.17"]
[Round "7"]
[White "Sapmaz, Gueney Alp"]
[Black "Schauerte, Benedikt"]
[Result "1/2-1/2"]
[WhiteElo "1237"]
[BlackElo "1315"]
[PlyCount "26"]
[EventDate "2004.04.??"]
[EventType "swiss"]
[EventRounds "7"]
[EventCountry "GER"]
[SourceTitle "EXT 2005"]
[Source "ChessBase"]
[SourceDate "2004.11.15"]
[SourceVersion "1"]
[SourceVersionDate "2004.11.15"]
[SourceQuality "1"]

1. e4 e5 2. Nf3 Nc6 3. Bc4 Bc5 4. c3 Nf6 5. 0-0 0-0 6. d4 exd4 7. cxd4 Bb6 8. Bg5 Qe8 9. Bxf6 gxf6 10. Nc3 d6 11. h3 Be6 12. d5 Bxh3 13. gxh3 Ne5 1/2-1/2